| 000 | 01339nam a22003613i 4500 | ||
|---|---|---|---|
| 001 | EBC6681481 | ||
| 003 | MiAaPQ | ||
| 005 | 20211006112001.0 | ||
| 007 | cr cnu|||||||| | ||
| 008 | 210826s2021 xx o ||||0 ger d | ||
| 020 |
_a9783657760664 _q(electronic bk.) |
||
| 020 | _z9783506760661 | ||
| 040 |
_aMiAaPQ _beng _cMiAaPQ |
||
| 100 | 1 | _aKrzoska, Markus. | |
| 245 | 1 | 0 |
_aWende, Wandel, Weitermachen? : _bNachfragen Zur Geschichtswissenschaft der 1990er Jahre in Deutschland, Polen und Europa. |
| 264 | 1 |
_aBoston : _bBRILL, _c2021. |
|
| 264 | 4 | _c©2021. | |
| 300 | _a1 online resource (506 pages) | ||
| 336 |
_aText _btxt _2rdacontent |
||
| 337 |
_aComputermedien _bc _2rdamedia |
||
| 338 |
_aOnline Resource _bcr _2rdacarrier |
||
| 490 | 1 | _aFokus Ser. | |
| 588 | _aDescription based on publisher supplied metadata and other sources. | ||
| 655 | 4 | _aElectronic books. | |
| 700 | 1 | _aLichy, Kolja. | |
| 700 | 1 | _aRometsch, Konstantin. | |
| 776 | 0 | 8 |
_iPrint version: _aKrzoska, Markus _tWende, Wandel, Weitermachen? _dBoston : BRILL,c2021 _z9783506760661 |
| 830 | 0 | _aFokus Ser. | |
| 856 | 4 | 0 |
_uhttps://ebookcentral.proquest.com/lib/maxweberstiftung-ebooks/detail.action?docID=6681481 _zVolltext |
| 500 | _aE-Book-ProQuest / Fernzugriff nach Registrierung möglich | ||
| 655 | _aFernzugriff | ||
| 942 | _cEB | ||
| 999 |
_c57513 _d57513 |
||